[Event "87th Spanish Championship 2022"]
[Site "Linares"]
[Date "2022.08.17"]
[Round "8.26"]
[White "Suarez Uriel, Adrian"]
[Black "De La Cruz Revilla, Miguel"]
[Result "0-1"]
[WhiteElo "2386"]
[BlackElo "2213"]
[Annotator "TA"]
[PlyCount "162"]
[EventDate "2022.08.11"]
[EventType "swiss"]
[EventCountry "ESP"]
[SourceTitle "playchess.com"]
[Source "ChessBase"]
[SourceQuality "1"]

1. e4 c5 2. Nf3 e6 3. d4 cxd4 4. Nxd4 a6 5. Bd3 Bc5 6. Nb3 Ba7 7. Qg4 Qf6 8. f4 Nh6 9. Qh3 Qg6 10. Be3 Qg4 11. Qxg4 Nxg4 12. Bxa7 Rxa7 13. N1d2 d6 14. Nc4 Ke7 15. a4 Bd7 16. a5 Bc6 17. Nd4 Nd7 18. Nb6 Ngf6 19. Nxd7 Bxd7 20. O-O g6 21. e5 dxe5 22. fxe5 Nd5 23. Be4 Ne3 24. Rf2 Rc8 25. h3 Rc5 26. Nf3 h6 27. b3 Bc6 28. Bxc6 bxc6 29. Re1 Rc3 30. Nd2 Nf5 31. Ne4 Re3 32. Rxe3 Nxe3 33. Nd6 Kf8 34. c4 Nf5 35. g4 Nxd6 36. exd6 Rb7 37. Rf3 Ke8 38. h4 f5 39. gxf5 gxf5 40. Rg3 c5 41. Kf2 Kd7 42. Rd3 Rb8 43. Ke2 Rg8 44. Kd2 Rg2+ 45. Kc3 f4 46. b4 cxb4+ 47. Kxb4 Rg3 48. Rd1 f3 49. c5 f2 50. Rf1 Rf3 51. Kc4 Kc6 52. Kd4 Rf5 53. Ke3 Rxc5 54. Rxf2 Kxd6 55. Rd2+ Ke5 56. Ra2 Rc3+ 57. Kd2 Rh3 58. Ra4 Kf5 59. Rc4 Ra3 60. Rc5+ e5 61. Rc6 Rxa5 62. Rxh6 Ke4 63. h5 Ra2+ 64. Kd1 Ke3 65. Rh8 Ra1+ 66. Kc2 e4 67. h6 Rh1 68. h7 Rh6 69. Kb3 Rb6+ 70. Ka4 Rb7 71. Ka5 Rf7 72. Kb4 Kf3 73. Kc4 e3 74. Kd3 Rd7+ 75. Kc2 Ke2 76. Kc3 Rf7 77. Ra8 Rxh7 78. Rxa6 Rd7 79. Rh6 Ke1 80. Rh1+ Kf2 81. Rh2+ Kg3 0-1

[Event "87th Spanish Championship 2022"]
[Site "Linares"]
[Date "2022.08.17"]
[Round "8.27"]
[White "Valmana Canto, Jaime"]
[Black "Hernandez Estevez, Yudania"]
[Result "0-1"]
[WhiteElo "2406"]
[BlackElo "2193"]
[Annotator "TA"]
[PlyCount "106"]
[EventDate "2022.08.11"]
[EventType "swiss"]
[EventCountry "ESP"]
[SourceTitle "playchess.com"]
[Source "ChessBase"]
[SourceQuality "1"]

1. e4 e5 2. Nf3 Nf6 3. d4 Nxe4 4. dxe5 d5 5. Nbd2 Nxd2 6. Qxd2 c5 7. Bb5+ Nc6 8. O-O h6 9. b4 Qb6 10. a4 a6 11. bxc5 Bxc5 12. Bxc6+ bxc6 13. Ba3 O-O 14. Rfe1 Qa7 15. Bxc5 Qxc5 16. Qd4 Qxd4 17. Nxd4 c5 18. Nb3 Bf5 19. Nxc5 Rfc8 20. Nd3 Rxc2 21. Red1 Rb8 22. Ra3 g5 23. Kf1 Bg4 24. f3 Bf5 25. Ne1 Rc5 26. Ke2 Kf8 27. Rd2 Ke7 28. g4 Bg6 29. Nd3 Rc4 30. Nb2 Rc5 31. Nd3 Bxd3+ 32. Raxd3 Ke6 33. f4 Rb4 34. Rd4 Rxd4 35. Rxd4 Rc4 36. Rd3 Rxf4 37. Rh3 Rxa4 38. Rxh6+ Kxe5 39. h3 a5 40. Rh8 Ra2+ 41. Kf3 a4 42. Re8+ Kd4 43. Rf8 Ra1 44. Kg2 a3 45. Rxf7 Rb1 46. Ra7 Rb2+ 47. Kg3 Rb3+ 48. Kg2 Ke4 49. Ra5 Kd4 50. h4 gxh4 51. g5 Kc3 52. g6 Kb2 53. g7 Rg3+ 0-1

[Event "87th Spanish Championship 2022"]
[Site "Linares"]
[Date "2022.08.17"]
[Round "8.28"]
[White "Massanet Massanet, Sebastian"]
[Black "Argandona Riveiro, Inigo"]
[Result "1/2-1/2"]
[WhiteElo "2232"]
[BlackElo "2393"]
[Annotator "TA"]
[PlyCount "73"]
[EventDate "2022.08.11"]
[EventType "swiss"]
[EventCountry "ESP"]
[SourceTitle "playchess.com"]
[Source "ChessBase"]
[SourceQuality "1"]

1. e4 d6 2. d4 Nf6 3. Nc3 e5 4. Nf3 Nbd7 5. Bc4 Be7 6. O-O O-O 7. a4 c6 8. dxe5 dxe5 9. Qe2 Qc7 10. Bg5 Nc5 11. Bh4 Nh5 12. Bxe7 Qxe7 13. Qe3 Nf4 14. Ne2 Nxe2+ 15. Qxe2 a5 16. Nd2 Qg5 17. Rfd1 Bg4 18. f3 Be6 19. Qf2 Qe7 20. Bxe6 Nxe6 21. Nc4 Nf4 22. Kf1 f5 23. Nd6 fxe4 24. Nxe4 Rf5 25. Rd6 Raf8 26. Rad1 Qf7 27. b3 Nd5 28. c4 Nf6 29. Nxf6+ Rxf6 30. Rxf6 Qxf6 31. Qe3 Qf5 32. Re1 Qc2 33. Re2 Qb1+ 34. Kf2 h6 35. Re1 Qb2+ 36. Re2 Qb1 37. Re1 1/2-1/2

[Event "87th Spanish Championship 2022"]
[Site "Linares"]
[Date "2022.08.17"]
[Round "8.29"]
[White "Bermudez Ureba, Juan Diego"]
[Black "Serarols Mabras, Bernat"]
[Result "1/2-1/2"]
[WhiteElo "2198"]
[BlackElo "2357"]
[Annotator "TA"]
[PlyCount "77"]
[EventDate "2022.08.11"]
[EventType "swiss"]
[EventCountry "ESP"]
[SourceTitle "playchess.com"]
[Source "ChessBase"]
[SourceQuality "1"]

1. e4 c6 2. d4 d5 3. e5 Bf5 4. g4 Bd7 5. c4 e6 6. Nc3 Ne7 7. Nf3 dxc4 8. Bxc4 Nd5 9. Ne4 a5 10. Bg5 Qb6 11. O-O Na6 12. Rc1 Nac7 13. Qd3 a4 14. Ne1 Nb4 15. Qb1 Qxd4 16. Be3 Qxe5 17. a3 Nba6 18. Nf3 Qa5 19. Bd2 Qb6 20. Be3 Qa5 21. Bd2 Qb6 22. Be3 c5 23. Ne5 Bb5 24. Rfd1 Be7 25. Bg5 f6 26. Ng6 hxg6 27. Nxf6+ Kf7 28. Nd7 Bxd7 29. Rxd7 Rhe8 30. Bd3 Qc6 31. Bxg6+ Kf8 32. Bxe8 Rxe8 33. Rcd1 Bxg5 34. Qh7 Be7 35. R1d3 Nb8 36. Qh8+ Kf7 37. Qh5+ Kf8 38. Qh8+ Kf7 39. Qh5+ 1/2-1/2

[Event "87th Spanish Championship 2022"]
[Site "Linares"]
[Date "2022.08.17"]
[Round "8.30"]
[White "Domingo Nunez, Alejandro"]
[Black "Fernandez Garcia, Gumersindo"]
[Result "1-0"]
[WhiteElo "2335"]
[BlackElo "2160"]
[Annotator "TA"]
[PlyCount "41"]
[EventDate "2022.08.11"]
[EventType "swiss"]
[EventCountry "ESP"]
[SourceTitle "playchess.com"]
[Source "ChessBase"]
[SourceQuality "1"]

1. e4 Nf6 2. e5 Nd5 3. d4 d6 4. c4 Nb6 5. f4 g6 6. Nc3 Bg7 7. Be3 O-O 8. c5 N6d7 9. h4 Na6 10. cxd6 exd6 11. h5 c5 12. hxg6 hxg6 13. Nf3 cxd4 14. Qxd4 dxe5 15. fxe5 Ndc5 16. Qf4 Nd3+ 17. Bxd3 Qxd3 18. Rd1 Qf5 19. Nd5 Qe6 20. Nf6+ Bxf6 21. exf6 1-0

[Event "87th Spanish Championship 2022"]
[Site "Linares"]
[Date "2022.08.17"]
[Round "8.31"]
[White "Rey Martinez, Jaime"]
[Black "Garrido Diaz, Jose Antonio"]
[Result "0-1"]
[WhiteElo "2117"]
[BlackElo "2306"]
[Annotator "TA"]
[PlyCount "126"]
[EventDate "2022.08.11"]
[EventType "swiss"]
[EventCountry "ESP"]
[SourceTitle "playchess.com"]
[Source "ChessBase"]
[SourceQuality "1"]

1. e4 e5 2. Nf3 Nc6 3. Nc3 Nf6 4. Bb5 Nd4 5. O-O Nxf3+ 6. Qxf3 c6 7. Be2 d6 8. Qg3 h5 9. h3 g5 10. Kh1 Be7 11. d3 g4 12. f4 h4 13. Qe3 Nh5 14. f5 Ng3+ 15. Kh2 Nxf1+ 16. Bxf1 gxh3 17. gxh3 Rg8 18. Qh6 Qb6 19. Qe3 Qc7 20. Be2 d5 21. Qf2 Qb6 22. Qxb6 axb6 23. Bg4 d4 24. Ne2 c5 25. Ng1 Bd7 26. Nf3 Bf6 27. Bd2 Ke7 28. Be1 Rh8 29. a3 Bc6 30. Bd2 Rhc8 31. Re1 Bb5 32. Rd1 Ra4 33. Kh1 Bc6 34. Nh2 c4 35. Bf3 cxd3 36. cxd3 Bb5 37. b3 Raa8 38. a4 Ba6 39. Ng4 Rc6 40. Be2 b5 41. a5 b6 42. axb6 Bb7 43. Nxf6 Kxf6 44. Rg1 Ra2 45. Bg5+ Kg7 46. Bd1 Kh7 47. b4 Rc3 48. Bg4 Rxd3 49. Re1 f6 50. Bxf6 Re3 51. Rxe3 dxe3 52. Bxe5 e2 53. Ba1 Rxa1+ 54. Kg2 e1=R 55. Bf3 Rec1 56. Kf2 Rc3 57. Ke2 Kg7 58. f6+ Kf7 59. Kf2 Rc6 60. e5 Rc2+ 61. Be2 Ke6 62. Ke3 Kxe5 63. f7 Rc3+ 0-1

[Event "87th Spanish Championship 2022"]
[Site "Linares"]
[Date "2022.08.17"]
[Round "8.32"]
[White "Gomez Carreno, Martin"]
[Black "Cesar Maestre, Bernardo"]
[Result "0-1"]
[WhiteElo "2155"]
[BlackElo "2343"]
[Annotator "TA"]
[PlyCount "64"]
[EventDate "2022.08.11"]
[EventType "swiss"]
[EventCountry "ESP"]
[SourceTitle "playchess.com"]
[Source "ChessBase"]
[SourceQuality "1"]

1. e4 e5 2. Nf3 Nc6 3. Bb5 a6 4. Ba4 Nf6 5. O-O b5 6. Bb3 Bb7 7. c3 Nxe4 8. Re1 Nc5 9. Nxe5 Nxe5 10. Rxe5+ Ne6 11. d4 Bd6 12. Re1 O-O 13. Qg4 f5 14. Qh3 Kh8 15. Bxe6 dxe6 16. Nd2 Rf6 17. Nf3 Rg6 18. Nh4 Rg4 19. g3 Re4 20. Rxe4 Bxe4 21. Bf4 Kg8 22. f3 Bd5 23. Kf2 Bxf4 24. gxf4 c5 25. b3 cxd4 26. cxd4 Qc7 27. Ng2 Qc3 28. Re1 Qxd4+ 29. Ne3 Rc8 30. Qh4 h6 31. Qe7 Qxf4 32. Nxd5 Rc2+ 0-1

[Event "87th Spanish Championship 2022"]
[Site "Linares"]
[Date "2022.08.17"]
[Round "8.33"]
[White "Alvarez Pampillon, Antonio"]
[Black "Vehi Bach, Victor Manuel"]
[Result "1-0"]
[WhiteElo "2019"]
[BlackElo "2290"]
[Annotator "NA RC"]
[PlyCount "77"]
[EventDate "2022.08.11"]
[EventType "swiss"]
[EventCountry "ESP"]
[SourceTitle "playchess.com"]
[Source "ChessBase"]
[SourceQuality "1"]

1. g3 c5 2. Bg2 g6 3. c4 Bg7 4. Nc3 Nc6 5. e4 e6 6. Nge2 Nge7 7. O-O d6 8. d3 O-O 9. Rb1 b6 10. Be3 Nd4 11. Qd2 Re8 12. Bh6 Bh8 13. f4 Bb7 14. g4 f5 15. Rbe1 fxg4 16. Nxd4 cxd4 17. Ne2 Qd7 18. Ng3 Bg7 19. Bxg7 Kxg7 20. Qe2 h5 21. Qf2 Nc6 22. Ne2 e5 23. f5 Rf8 24. f6+ Kf7 25. Qh4 Nb4 26. Qg5 Nxd3 27. Qh6 Nxe1 28. Qg7+ Ke8 29. f7+ Qxf7 30. Rxf7 Rxf7 31. Qxg6 Nxg2 32. Kxg2 Ke7 33. Ng3 Raf8 34. Qxh5 Rf4 35. h3 d3 36. hxg4 Rxe4 37. Qh7+ Rf7 38. Nf5+ Ke6 39. Qg6+ 1-0

[Event "87th Spanish Championship 2022"]
[Site "Linares"]
[Date "2022.08.17"]
[Round "8.34"]
[White "Jimenez Fernandez, Rebeca"]
[Black "Guerra Bastida, Diego"]
[Result "1/2-1/2"]
[WhiteElo "1908"]
[BlackElo "2242"]
[Annotator "TA"]
[PlyCount "133"]
[EventDate "2022.08.11"]
[EventType "swiss"]
[EventCountry "ESP"]
[SourceTitle "playchess.com"]
[Source "ChessBase"]
[SourceQuality "1"]

1. e4 e6 2. d4 d5 3. e5 b6 4. Nf3 Ne7 5. c3 Qd7 6. Bd3 Ba6 7. Na3 Nf5 8. Nc2 Bxd3 9. Qxd3 c5 10. O-O Nc6 11. Ne3 g6 12. Ng4 O-O-O 13. Bg5 c4 14. Qe2 Be7 15. Bxe7 Qxe7 16. b3 Na5 17. Nd2 Qc7 18. bxc4 Nxc4 19. Nxc4 Qxc4 20. Qxc4+ dxc4 21. Rfb1 Kb7 22. Nf6 Ne7 23. Ne4 Nd5 24. a4 a6 25. Nd6+ Rxd6 26. exd6 Rd8 27. Rc1 Rxd6 28. Kf1 h5 29. Ke2 Nf4+ 30. Kf3 Nd5 31. Rc2 Nf6 32. Re1 Kc6 33. Kf4 Nd5+ 34. Kg5 Rd7 35. f3 Ra7 36. g4 hxg4 37. fxg4 b5 38. h4 Ra8 39. Ra1 Rg8 40. axb5+ axb5 41. Ra7 f5 42. Re2 Nc7 43. Rxc7+ Kxc7 44. Rxe6 fxg4 45. Kxg4 b4 46. cxb4 Kd7 47. Re1 Kd6 48. Re5 Rb8 49. Rc5 Rxb4 50. Kg5 c3 51. Rxc3 Rxd4 52. Rh3 Ke6 53. Kxg6 Rg4+ 54. Kh7 Kf7 55. Rf3+ Ke7 56. h5 Rg1 57. h6 Rg2 58. Ra3 Kf7 59. Ra7+ Kf8 60. Rg7 Rf2 61. Rg8+ Kf7 62. Rg1 Kf8 63. Kg6 Kg8 64. Rg3 Kh8 65. Rg1 Ra2 66. Rf1 Ra6+ 67. Rf6 1/2-1/2

[Event "87th Spanish Championship 2022"]
[Site "Linares"]
[Date "2022.08.17"]
[Round "8.35"]
[White "Moral Garcia, Serafin"]
[Black "Donate Moreno, Silvia"]
[Result "1-0"]
[WhiteElo "2237"]
[BlackElo "1962"]
[Annotator "TA"]
[PlyCount "167"]
[EventDate "2022.08.11"]
[EventType "swiss"]
[EventCountry "ESP"]
[SourceTitle "playchess.com"]
[Source "ChessBase"]
[SourceQuality "1"]

1. c4 g6 2. Nc3 Bg7 3. g3 d6 4. Bg2 e5 5. d3 f5 6. e3 Nf6 7. Nge2 O-O 8. O-O c6 9. Rb1 Be6 10. f4 Nbd7 11. b3 Qc7 12. Ba3 Rfe8 13. Qd2 Bf7 14. h3 Rad8 15. Kh2 Nb6 16. Rbe1 d5 17. fxe5 Qxe5 18. c5 Nbd7 19. Nd1 Qc7 20. b4 b6 21. d4 b5 22. Nf2 Nf8 23. Bb2 h5 24. h4 Ng4+ 25. Nxg4 hxg4 26. Nf4 Bf6 27. a4 a6 28. Ra1 Ne6 29. Ra3 Kg7 30. Kg1 g5 31. hxg5 Nxg5 32. axb5 axb5 33. Rfa1 Qe7 34. Bc1 Rh8 35. Qc2 Be6 36. Ra7 Rd7 37. Qa2 Rxa7 38. Qxa7 Bd7 39. Qc7 Ne6 40. Nxe6+ Qxe6 41. Ra7 Rd8 42. Kf2 Kf8 43. Qf4 Kg7 44. Ke2 Kg6 45. Bd2 Bg5 46. Qc7 Bf6 47. Kd1 Qf7 48. Bf1 Be8 49. Qb6 Rd7 50. Ra8 Rb7 51. Qa6 Re7 52. Bd3 Qe6 53. Rd8 Rd7 54. Rc8 Re7 55. Qa8 Bd7 56. Rg8+ Rg7 57. Rf8 Rf7 58. Rb8 Rh7 59. Rb6 Rh8 60. Qa7 Qe7 61. Rb7 Rd8 62. Rc7 Qe6 63. Qb7 Be8 64. Kc2 Bd7 65. Kb2 Be8 66. Qb6 Bd7 67. Ra7 Re8 68. Qc7 Re7 69. Qd8 Rh7 70. Qc7 Re7 71. Ra8 Re8 72. Ra7 Re7 73. Ra8 Re8 74. Rxe8 Qxe8 75. Qf4 Bg5 76. Qxg4 Kf6 77. Qf3 Qh8 78. g4 Qc8 79. Be1 Be6 80. Bg3 Qd7 81. Be5+ Kg6 82. Qh3 Bh6 83. Qh5+ Kh7 84. gxf5 1-0

[Event "87th Spanish Championship 2022"]
[Site "Linares"]
[Date "2022.08.17"]
[Round "8.36"]
[White "Castellanos Gomez, Alejandro"]
[Black "Arroyo Rodriguez, Jesus"]
[Result "1-0"]
[WhiteElo "2266"]
[BlackElo "2100"]
[Annotator "NA RC"]
[PlyCount "80"]
[EventDate "2022.08.11"]
[EventType "swiss"]
[EventCountry "ESP"]
[SourceTitle "playchess.com"]
[Source "ChessBase"]
[SourceQuality "1"]

1. d4 d5 2. Bf4 c5 3. e3 Nc6 4. c3 Bf5 5. Qb3 Qd7 6. Nf3 f6 7. h3 g5 8. Bh2 h5 9. Nbd2 c4 10. Qb5 e6 11. b3 a6 12. Qb6 cxb3 13. Nxb3 Be7 14. Nc5 Bxc5 15. Qxc5 Rc8 16. Qa3 Nge7 17. Nd2 e5 18. Nb3 Ng6 19. Qb2 Qe7 20. Rd1 exd4 21. Nxd4 Nxd4 22. Rxd4 g4 23. h4 Be4 24. Bg3 f5 25. Kd2 O-O 26. Rg1 f4 27. exf4 Rce8 28. Bd3 Nxf4 29. Bxe4 dxe4 30. Re1 Rd8 31. Qb3+ Kh7 32. Qb1 Rxd4+ 33. cxd4 Kh8 34. Rxe4 Qc7 35. Rxf4 Rxf4 36. Ke3 Re4+ 37. Qxe4 Qc1+ 38. Ke2 Qb2+ 39. Kf1 Qc1+ 40. Qe1 Kh7 1-0

[Event "87th Spanish Championship 2022"]
[Site "Linares"]
[Date "2022.08.18"]
[Round "9.1"]
[White "Gines Esteo, Pedro Antonio"]
[Black "Yuffa, Daniil"]
[Result "1/2-1/2"]
[WhiteElo "2455"]
[BlackElo "2603"]
[Annotator "TA"]
[PlyCount "125"]
[EventDate "2022.08.11"]
[EventType "swiss"]
[EventCountry "ESP"]
[SourceTitle "playchess.com"]
[Source "ChessBase"]
[SourceQuality "1"]

1. c4 e5 2. Nc3 Bb4 3. Nf3 Bxc3 4. bxc3 d6 5. c5 Nf6 6. cxd6 cxd6 7. g3 O-O 8. Bg2 Nc6 9. c4 d5 10. cxd5 Nxd5 11. Bb2 Re8 12. O-O e4 13. Nd4 Nxd4 14. Bxd4 Nf4 15. gxf4 Qxd4 16. e3 Qd6 17. Rb1 Qa6 18. Qb3 Rb8 19. Qb5 Qxb5 20. Rxb5 Bd7 21. Rc5 Bc6 22. Rd1 Rbd8 23. d4 exd3 24. Bxc6 bxc6 25. Rxc6 Rd5 26. Ra6 Re7 27. Ra3 Red7 28. Rc3 g6 29. Rd2 Kg7 30. Kg2 h6 31. f3 Rb5 32. a3 g5 33. fxg5 Rxg5+ 34. Kf2 Rh5 35. Kg3 Rg5+ 36. Kf2 Rh5 37. Kg3 Rg5+ 38. Kf4 Rh5 39. e4 f5 40. Rcxd3 Rxd3 41. Rxd3 fxe4 42. fxe4 Rxh2 43. Rd7+ Kf6 44. Rd6+ Kf7 45. Ra6 h5 46. Rxa7+ Ke6 47. Ra6+ Kf7 48. Ke5 h4 49. Rf6+ Kg7 50. Rf3 Rg2 51. Rh3 Rg3 52. Rxh4 Rxa3 53. Rf4 Ra5+ 54. Ke6 Ra6+ 55. Kd5 Ra5+ 56. Kc4 Ra4+ 57. Kb3 Rd4 58. Kc3 Ra4 59. Kd3 Ra3+ 60. Ke2 Rb3 61. Rf3 Rxf3 62. Kxf3 Kf6 63. Kf4 1/2-1/2

[Event "87th Spanish Championship 2022"]
[Site "Linares"]
[Date "2022.08.18"]
[Round "9.2"]
[White "Iturrizaga Bonelli, Eduardo"]
[Black "Perez Candelario, Manuel"]
[Result "1-0"]
[WhiteElo "2619"]
[BlackElo "2578"]
[Annotator "TA"]
[PlyCount "83"]
[EventDate "2022.08.11"]
[EventType "swiss"]
[EventCountry "ESP"]
[SourceTitle "playchess.com"]
[Source "ChessBase"]
[SourceQuality "1"]

1. d4 d5 2. c4 e6 3. Nc3 Nf6 4. cxd5 exd5 5. Bg5 Be7 6. e3 c6 7. Bd3 Nbd7 8. Nge2 O-O 9. O-O Nh5 10. Bxe7 Qxe7 11. Qc2 Ndf6 12. Rae1 g6 13. Nc1 Be6 14. f3 Nd7 15. Qd2 Nb6 16. b3 Rae8 17. Bc2 Qd6 18. Kh1 f6 19. g4 Ng7 20. Nd3 Nd7 21. Rg1 a6 22. h4 Bf7 23. Nf4 Ne6 24. Nce2 Kh8 25. Nxe6 Rxe6 26. h5 Re7 27. Nf4 g5 28. Ne2 a5 29. Ng3 Qb4 30. Qf2 Be6 31. Bf5 Bg8 32. f4 gxf4 33. Qxf4 c5 34. Bxd7 Rxd7 35. g5 cxd4 36. exd4 Re7 37. Rxe7 Qxe7 38. g6 hxg6 39. hxg6 Re8 40. Qh6+ Bh7 41. Nf5 Qe4+ 42. Rg2 1-0

[Event "87th Spanish Championship 2022"]
[Site "Linares"]
[Date "2022.08.18"]
[Round "9.3"]
[White "Carbonell Sancho, Marc"]
[Black "Santos Latasa, Jaime"]
[Result "0-1"]
[WhiteElo "2284"]
[BlackElo "2675"]
[Annotator "TA"]
[PlyCount "60"]
[EventDate "2022.08.11"]
[EventType "swiss"]
[EventCountry "ESP"]
[SourceTitle "playchess.com"]
[Source "ChessBase"]
[SourceQuality "1"]

1. e4 c5 2. Nf3 d6 3. d4 cxd4 4. Nxd4 Nf6 5. Nc3 a6 6. Bg5 e6 7. f4 Qc7 8. Qf3 b5 9. Bd3 b4 10. Nce2 Nbd7 11. O-O-O Bb7 12. Ng3 Qb6 13. Bc4 Be7 14. Bxe6 fxe6 15. Nxe6 b3 16. axb3 Kf7 17. Bxf6 Nxf6 18. Ng5+ Kf8 19. Nf5 h6 20. Qg3 hxg5 21. Qxg5 Rh7 22. Nxe7 Bxe4 23. Nf5 Rc8 24. Nd4 Rh5 25. Qg3 Kf7 26. f5 Rxf5 27. c3 Rd5 28. Qh3 Re8 29. Rhf1 Qa5 30. Qd7+ Kf8 0-1

[Event "87th Spanish Championship 2022"]
[Site "Linares"]
[Date "2022.08.18"]
[Round "9.4"]
[White "Garriga Cazorla, Pere"]
[Black "Moreno Ruiz, Javier"]
[Result "1/2-1/2"]
[WhiteElo "2505"]
[BlackElo "2428"]
[Annotator "TA"]
[PlyCount "146"]
[EventDate "2022.08.11"]
[EventType "swiss"]
[EventCountry "ESP"]
[SourceTitle "playchess.com"]
[Source "ChessBase"]
[SourceQuality "1"]

1. d4 d5 2. c4 dxc4 3. e3 e5 4. Bxc4 exd4 5. exd4 Bd6 6. Nf3 Nf6 7. Qe2+ Qe7 8. Qxe7+ Bxe7 9. O-O Nbd7 10. Re1 Nb6 11. b3 Nfd5 12. Ba3 Be6 13. Bxe7 Kxe7 14. Ng5 Rad8 15. Nd2 Nf4 16. g3 Nxc4 17. bxc4 Nd3 18. Nxe6 fxe6 19. Re4 Rhf8 20. Rf1 Nc5 21. Rg4 g6 22. Rh4 h5 23. Ne4 Nxe4 24. Rxe4 Rd6 25. Rfe1 Kd7 26. Kg2 Rf5 27. R1e2 c5 28. dxc5 Rxc5 29. g4 Rdc6 30. gxh5 gxh5 31. Re5 Ke7 32. Kg3 Kf6 33. Rxc5 Rxc5 34. Re4 Ra5 35. Re2 b6 36. Rd2 Ra4 37. Rc2 Kf5 38. c5 bxc5 39. Rxc5+ e5 40. Rc2 h4+ 41. Kg2 Ra3 42. h3 Kf4 43. Rb2 a5 44. Rc2 a4 45. Rb2 e4 46. Rc2 Ke5 47. Rb2 Kd4 48. Rb4+ Kd3 49. Rb2 Rc3 50. Rb4 Rc4 51. Rb8 Rc2 52. Rd8+ Kc3 53. Re8 Rxa2 54. Rxe4 a3 55. Rxh4 Rd2 56. Rh8 a2 57. Ra8 Kb2 58. Rb8+ Kc1 59. Ra8 Kb1 60. Kg3 a1=Q 61. Rxa1+ Kxa1 62. Kg4 Kb2 63. h4 Kc3 64. h5 Rxf2 65. h6 Kd4 66. Kg5 Ke5 67. h7 Rh2 68. Kg6 Ke6 69. Kg7 Rg2+ 70. Kf8 Rf2+ 71. Kg8 Rg2+ 72. Kf8 Rf2+ 73. Kg8 Rg2+ 1/2-1/2

[Event "87th Spanish Championship 2022"]
[Site "Linares"]
[Date "2022.08.18"]
[Round "9.5"]
[White "Merario Alarcon, Andres"]
[Black "Narciso Dublan, Marc"]
[Result "1/2-1/2"]
[WhiteElo "2418"]
[BlackElo "2461"]
[Annotator "TA"]
[PlyCount "61"]
[EventDate "2022.08.11"]
[EventType "swiss"]
[EventCountry "ESP"]
[SourceTitle "playchess.com"]
[Source "ChessBase"]
[SourceQuality "1"]

1. d4 f5 2. Nf3 Nf6 3. g3 e6 4. c4 d5 5. Nc3 Be7 6. Bf4 O-O 7. e3 c6 8. Rc1 Nbd7 9. Bd3 dxc4 10. Bxc4 Nb6 11. Bb3 Nbd5 12. O-O Bd7 13. Ne5 Be8 14. Nd3 Bh5 15. f3 Nd7 16. Qd2 g5 17. Be5 Nxe5 18. Nxe5 f4 19. Nxd5 exd5 20. e4 a5 21. a3 Bf6 22. Kg2 Qb6 23. Rc3 Rad8 24. exd5 cxd5 25. Re1 Kh8 26. Bc2 Rg8 27. Qd3 Rg7 28. Qf5 Bg6 29. Qe6 Qxe6 30. Nxg6+ hxg6 31. Rxe6 1/2-1/2

[Event "87th Spanish Championship 2022"]
[Site "Linares"]
[Date "2022.08.18"]
[Round "9.6"]
[White "Cuenca Jimenez, Jose Fernando"]
[Black "Moreno Tejera, Emilio"]
[Result "1-0"]
[WhiteElo "2552"]
[BlackElo "2420"]
[Annotator "TA"]
[PlyCount "57"]
[EventDate "2022.08.11"]
[EventType "swiss"]
[EventCountry "ESP"]
[SourceTitle "playchess.com"]
[Source "ChessBase"]
[SourceQuality "1"]

1. d4 e6 2. c4 f5 3. a3 Nf6 4. Nc3 Be7 5. e3 O-O 6. Bd3 Kh8 7. Qc2 b6 8. Nh3 Bb7 9. O-O g6 10. b4 d5 11. Rb1 a6 12. c5 Bc8 13. Ne2 bxc5 14. dxc5 c6 15. Bb2 h6 16. f4 Kh7 17. Nf2 Qe8 18. a4 Ne4 19. Nd4 Bh4 20. g3 Bd8 21. Be2 Nxf2 22. Rxf2 e5 23. fxe5 Bg5 24. Rf3 Nd7 25. Nxc6 Bb7 26. Na5 Bc8 27. Qc3 Qe6 28. c6 Nb6 29. Qc5 1-0

[Event "87th Spanish Championship 2022"]
[Site "Linares"]
[Date "2022.08.18"]
[Round "9.7"]
[White "Asis Gargatagli, Hipolito"]
[Black "Lianes Garcia, Marcos"]
[Result "1/2-1/2"]
[WhiteElo "2514"]
[BlackElo "2411"]
[Annotator "TA"]
[PlyCount "48"]
[EventDate "2022.08.11"]
[EventType "swiss"]
[EventCountry "ESP"]
[SourceTitle "playchess.com"]
[Source "ChessBase"]
[SourceQuality "1"]

1. e4 e5 2. Nf3 Nf6 3. d4 Nxe4 4. Bd3 d5 5. Nxe5 Nd7 6. Nxd7 Bxd7 7. O-O Bd6 8. Nc3 Nxc3 9. bxc3 O-O 10. Qh5 f5 11. Rb1 b6 12. Qf3 c6 13. Bf4 Qc7 14. Bxd6 Qxd6 15. Rbe1 Rae8 16. Rxe8 Rxe8 17. c4 dxc4 18. Bxc4+ Kh8 19. c3 g6 20. h3 Kg7 21. Bb3 Re7 22. Bc4 Re8 23. Bb3 Re7 24. Bc4 Re8 1/2-1/2

[Event "87th Spanish Championship 2022"]
[Site "Linares"]
[Date "2022.08.18"]
[Round "9.8"]
[White "Plazuelo Pascual, Juan"]
[Black "Lin, Yingrui"]
[Result "0-1"]
[WhiteElo "2448"]
[BlackElo "2314"]
[Annotator "TA"]
[PlyCount "134"]
[EventDate "2022.08.11"]
[EventType "swiss"]
[EventCountry "ESP"]
[SourceTitle "playchess.com"]
[Source "ChessBase"]
[SourceQuality "1"]

1. e4 c5 2. Nf3 d6 3. d4 cxd4 4. Nxd4 Nf6 5. Nc3 g6 6. Be3 Bg7 7. f3 a6 8. Qd2 h5 9. h3 Nbd7 10. Be2 Qc7 11. O-O b6 12. Nd5 Nxd5 13. exd5 Nf6 14. c4 h4 15. Rac1 Nh5 16. Rfe1 O-O 17. Bd3 Bd7 18. Qf2 Ng3 19. Nc6 Bxc6 20. Bxb6 Qd7 21. dxc6 Qxc6 22. Rxe7 Rab8 23. Bd4 Bxd4 24. Qxd4 Qc5 25. Qxc5 dxc5 26. Rb1 Rfd8 27. Be4 Rd2 28. Rb7 Rxb7 29. Bxb7 a5 30. a3 Kg7 31. b4 Ne2+ 32. Kf1 Nc3 33. Rb3 Rd1+ 34. Kf2 Rd3 35. Kf1 Rd1+ 36. Kf2 Rd3 37. Kf1 a4 38. Rb2 Rd1+ 39. Kf2 Rd3 40. Kg1 Rd1+ 41. Kf2 Rh1 42. Rc2 cxb4 43. axb4 Nd1+ 44. Ke2 a3 45. c5 a2 46. Rxa2 Nc3+ 47. Kd2 Nxa2 48. c6 Rc1 49. b5 Kf6 50. b6 Ke7 51. c7 Kd7 52. Bd5 Rb1 53. Bb7 Rc1 54. Ba6 Rc5 55. Ke3 Nb4 56. Bb7 Rc4 57. c8=Q+ Rxc8 58. Bxc8+ Kxc8 59. Kf4 f6 60. Kg4 Nd5 61. Kxh4 Nxb6 62. f4 Nd5 63. Kg4 Kd7 64. h4 Ne3+ 65. Kf3 Nf5 66. g3 Ke6 67. Kg4 Nh6+ 0-1

[Event "87th Spanish Championship 2022"]
[Site "Linares"]
[Date "2022.08.18"]
[Round "9.9"]
[White "Alonso Garcia, Aaron"]
[Black "Vega Gutierrez, Sabrina"]
[Result "1/2-1/2"]
[WhiteElo "2374"]
[BlackElo "2366"]
[Annotator "TA"]
[PlyCount "60"]
[EventDate "2022.08.11"]
[EventType "swiss"]
[EventCountry "ESP"]
[SourceTitle "playchess.com"]
[Source "ChessBase"]
[SourceQuality "1"]

1. e4 c5 2. Nf3 Nc6 3. d4 cxd4 4. Nxd4 Nf6 5. Nc3 e5 6. Ndb5 d6 7. Bg5 a6 8. Na3 b5 9. Nd5 Be7 10. Bxf6 Bxf6 11. c3 Bg5 12. Nc2 Ne7 13. Ncb4 O-O 14. a4 bxa4 15. Qxa4 a5 16. Bb5 Nxd5 17. Nxd5 Be6 18. Bc6 Rb8 19. b4 axb4 20. cxb4 Bxd5 21. Bxd5 Qb6 22. Rb1 Be3 23. fxe3 Qxe3+ 24. Kf1 Qd3+ 25. Kf2 Qd2+ 26. Kf1 Qd3+ 27. Kf2 Qd2+ 28. Kf1 Qd3+ 29. Kf2 Qd2+ 30. Kf1 Qd3+ 1/2-1/2